00897nam a22002537a 450000500170000001000130001702000100003003500130004003700160005304000120006908200160008110000270009724501310012426000350025527000430029030000250033365000300035865000390038870000250042770000220045294200250047499900190049995201250051820170124110206.0 aA-878005 c70.00 aA-878005 bCen Lib/Ret aDPLbEN a001.64bNAV aNavaneeth, G.N.937408 aDigital and analogue techniques :cby G.N. Navaneeth, V. M. Gokhale [and] R.G. Kale bfor students of science and technology / aAllahabad bKitab Mahal c1996 a22-A, Sarojani Naidu Marg bAllahabad  aiii, 252p.c23cm(Hb) aComputer science 9113286 aEngineering and technology 937410 aGokhale, V.M.937411 aKale, R.G.937412 2ddccENh001.64mNAV c133268d133268 00104070aLbLd2015-07-25eCen Lib/Retg70.00l0o001.64 NAVpA-878005r2015-07-25 00:00:00t1v70.00w2016-09-15yEN